000 00781nam a2200253Ia 4500
003 OSt
005 20250711161828.0
008 191128s1988 ck a br 000 f spa d
020 _a9589159354
040 _aCO-JMCR
_cCO-JMCR
041 1 _aspa
082 0 4 _aN
_bSAIp1
100 1 _aSaint-Exupéry, Antoine de,
_91465
_eautor
245 1 0 _aEl principito /
_cAntoine de Saint-Exupéry ; traductor Bonifacio del Carril
250 _aPrimera edición
260 _a[Bogotá] :
_bAlianza,
_c1988
300 _a115 páginas ;
_c18 cm.
490 0 _aLiteratura ;
_v348
500 _aTítulo original: Le petit prince
546 _aTraducido del francés.
650 1 4 _aNovela infantil francesa
_91227
700 1 _aDel Carril, Bonifacio,
_etraductor
_942404
942 _2ddc
_cBK
999 _c3487
_d3487